000 00458nam a2200157 4500
001 120407
003 ES-MaACL
007 t|
008 070214s1955 sp r ||||1| spa d
245 0 0 _aRadioterapia clínica /
_cpublicada bajo la dirección de Ernst A. Pohle.
250 _a1ª. ed.
260 _aBarcelona :
_bSalvat,
_c1955.
300 _aXXVIII, 923 p., 1 lám. ;
_c24 cm.
700 1 _aPohle, Ernst A.
_992743
852 _aES-MaACL
_jE-814
_bR.36976
999 _c120407
_d120407